<?xml version="1.0" encoding="UTF-8"?>
<record
    xmlns:xsi="http://www.w3.org/2001/XMLSchema-instance"
    xsi:schemaLocation="http://www.loc.gov/MARC21/slim http://www.loc.gov/standards/marcxml/schema/MARC21slim.xsd"
    xmlns="http://www.loc.gov/MARC21/slim">

  <leader>01209nam a22002657a 4500</leader>
  <controlfield tag="003">NALT</controlfield>
  <controlfield tag="005">20230808135134.0</controlfield>
  <controlfield tag="008">170807b        th ||||| |||| 00| 0 tha d</controlfield>
  <datafield tag="020" ind1=" " ind2=" ">
    <subfield code="a">9789740215370</subfield>
  </datafield>
  <datafield tag="040" ind1=" " ind2=" ">
    <subfield code="a">NALT</subfield>
  </datafield>
  <datafield tag="050" ind1=" " ind2=" ">
    <subfield code="a">DS 571 </subfield>
    <subfield code="b">&#xE28;255&#xE2A; 2560</subfield>
  </datafield>
  <datafield tag="100" ind1="0" ind2=" ">
    <subfield code="a">&#xE28;&#xE23;&#xE35;&#xE28;&#xE31;&#xE01;&#xE23; &#xE27;&#xE31;&#xE25;&#xE25;&#xE34;&#xE42;&#xE20;&#xE14;&#xE21;</subfield>
    <subfield code="9">10743</subfield>
  </datafield>
  <datafield tag="245" ind1="1" ind2="0">
    <subfield code="a"> &#xE2A;&#xE23;&#xE49;&#xE32;&#xE07;&#xE1A;&#xE49;&#xE32;&#xE19;&#xE41;&#xE1B;&#xE07;&#xE40;&#xE21;&#xE37;&#xE2D;&#xE07; / </subfield>
    <subfield code="c">&#xE28;&#xE23;&#xE35;&#xE28;&#xE31;&#xE01;&#xE23; &#xE27;&#xE31;&#xE25;&#xE25;&#xE34;&#xE42;&#xE20;&#xE14;&#xE21;.</subfield>
  </datafield>
  <datafield tag="250" ind1=" " ind2=" ">
    <subfield code="a">&#xE1E;&#xE34;&#xE21;&#xE1E;&#xE4C;&#xE04;&#xE23;&#xE31;&#xE49;&#xE07;&#xE17;&#xE35;&#xE48; 1.</subfield>
  </datafield>
  <datafield tag="260" ind1=" " ind2=" ">
    <subfield code="a">&#xE01;&#xE23;&#xE38;&#xE07;&#xE40;&#xE17;&#xE1E;&#xE2F; :</subfield>
    <subfield code="b">&#xE21;&#xE15;&#xE34;&#xE0A;&#xE19;,</subfield>
    <subfield code="c">2560.</subfield>
  </datafield>
  <datafield tag="300" ind1=" " ind2=" ">
    <subfield code="a">358 &#xE2B;&#xE19;&#xE49;&#xE32; :</subfield>
    <subfield code="b">&#xE20;&#xE32;&#xE1E;&#xE1B;&#xE23;&#xE30;&#xE01;&#xE2D;&#xE1A; ;</subfield>
    <subfield code="c">24 &#xE0B;&#xE21;.</subfield>
  </datafield>
  <datafield tag="650" ind1=" " ind2="4">
    <subfield code="a">&#xE1B;&#xE23;&#xE30;&#xE27;&#xE31;&#xE15;&#xE34;&#xE28;&#xE32;&#xE2A;&#xE15;&#xE23;&#xE4C;&#xE17;&#xE49;&#xE2D;&#xE07;&#xE16;&#xE34;&#xE48;&#xE19;</subfield>
    <subfield code="9">11943</subfield>
  </datafield>
  <datafield tag="651" ind1=" " ind2="4">
    <subfield code="9">4350</subfield>
    <subfield code="a">&#xE44;&#xE17;&#xE22;</subfield>
    <subfield code="x">&#xE1B;&#xE23;&#xE30;&#xE27;&#xE31;&#xE15;&#xE34;&#xE28;&#xE32;&#xE2A;&#xE15;&#xE23;&#xE4C;</subfield>
  </datafield>
  <datafield tag="651" ind1=" " ind2="4">
    <subfield code="a">&#xE44;&#xE17;&#xE22;</subfield>
    <subfield code="x">&#xE20;&#xE32;&#xE27;&#xE30;&#xE2A;&#xE31;&#xE07;&#xE04;&#xE21;</subfield>
    <subfield code="9">458</subfield>
  </datafield>
  <datafield tag="651" ind1=" " ind2="4">
    <subfield code="a">&#xE44;&#xE17;&#xE22; </subfield>
    <subfield code="x">&#xE04;&#xE27;&#xE32;&#xE21;&#xE40;&#xE1B;&#xE47;&#xE19;&#xE2D;&#xE22;&#xE39;&#xE48;&#xE41;&#xE25;&#xE30;&#xE1B;&#xE23;&#xE30;&#xE40;&#xE1E;&#xE13;&#xE35;</subfield>
    <subfield code="9">7234</subfield>
  </datafield>
  <datafield tag="651" ind1=" " ind2="4">
    <subfield code="9">11939</subfield>
    <subfield code="a"> &#xE44;&#xE17;&#xE22; (&#xE20;&#xE32;&#xE04;&#xE40;&#xE2B;&#xE19;&#xE37;&#xE2D;)</subfield>
    <subfield code="x">&#xE1B;&#xE23;&#xE30;&#xE27;&#xE31;&#xE15;&#xE34;&#xE28;&#xE32;&#xE2A;&#xE15;&#xE23;&#xE4C;</subfield>
  </datafield>
  <datafield tag="850" ind1=" " ind2=" ">
    <subfield code="a">NALT</subfield>
  </datafield>
  <datafield tag="942" ind1=" " ind2=" ">
    <subfield code="2">lcc</subfield>
    <subfield code="c">GB</subfield>
  </datafield>
  <datafield tag="998" ind1=" " ind2=" ">
    <subfield code="a">phon</subfield>
    <subfield code="b">phon</subfield>
    <subfield code="c">phon</subfield>
    <subfield code="j">8</subfield>
    <subfield code="k"> &#xE19;&#xE32;&#xE22;&#xE1A;&#xE31;&#xE13;&#xE11;&#xE34;&#xE15;  &#xE2D;&#xE38;&#xE17;&#xE32;&#xE27;&#xE07;&#xE04;&#xE4C;</subfield>
  </datafield>
  <datafield tag="999" ind1=" " ind2=" ">
    <subfield code="c">93249</subfield>
    <subfield code="d">93249</subfield>
  </datafield>
  <datafield tag="952" ind1=" " ind2=" ">
    <subfield code="0">0</subfield>
    <subfield code="1">0</subfield>
    <subfield code="2">lcc</subfield>
    <subfield code="4">0</subfield>
    <subfield code="7">0</subfield>
    <subfield code="8">CGBL</subfield>
    <subfield code="a">NALT</subfield>
    <subfield code="b">NALT</subfield>
    <subfield code="c">GEN</subfield>
    <subfield code="d">2017-08-07</subfield>
    <subfield code="l">1</subfield>
    <subfield code="o">DS 571 &#xE28;255&#xE2A; 2560</subfield>
    <subfield code="p">3961206619</subfield>
    <subfield code="r">2023-08-15 00:00:00</subfield>
    <subfield code="s">2023-08-08</subfield>
    <subfield code="t">&#xE09;.1</subfield>
    <subfield code="w">2017-08-07</subfield>
    <subfield code="y">GB</subfield>
  </datafield>
  <datafield tag="952" ind1=" " ind2=" ">
    <subfield code="0">0</subfield>
    <subfield code="1">0</subfield>
    <subfield code="2">lcc</subfield>
    <subfield code="4">0</subfield>
    <subfield code="7">0</subfield>
    <subfield code="8">CGBL</subfield>
    <subfield code="a">NALT</subfield>
    <subfield code="b">NALT</subfield>
    <subfield code="c">GEN</subfield>
    <subfield code="d">2017-08-07</subfield>
    <subfield code="l">2</subfield>
    <subfield code="m">2</subfield>
    <subfield code="o">DS 571 &#xE28;255&#xE2A; 2560</subfield>
    <subfield code="p">3961206620</subfield>
    <subfield code="r">2022-11-28 00:00:00</subfield>
    <subfield code="s">2022-11-21</subfield>
    <subfield code="t">&#xE09;.2</subfield>
    <subfield code="w">2017-08-07</subfield>
    <subfield code="y">GB</subfield>
  </datafield>
</record>
